1615 1828 1405 1865 1569 1346 1762 1903 1246 1343 1935 1902 1443 1035 1779 1732 1246 1451 1634 1266 1252 1301 1522 1573 1781 1347 1170 1811 1997 1204 1086 1167 1494 1984 1935 1332 1863 1200 1838 1152 1690 1333 1750 1473 1991 1521 1613 1409 1307 1235 1643 1429 1200 1891 1402 1657 1544 1952 1134 1040 1100 1202 1250 1821 1004 1800 1624 1154 1858 1863 1089 1352 1510 1928 1728 1771 1530 1542 1584 1338 1418 1236 1367 1866 1435 1486 1248 1157 1141 1403 1053 1697 1146 1364 1601 1319 1841 1061 1946 BCNSPRNW ULIB Ver.6.0+V

เปลี่ยนเป็นภาษาไทย

Change to English
 แสดงรายละเอียดบรรณานุกรม
  กลับหน้าหลัก

Brief Record : Get Marc (ISO 2709) : E-mail record : QR code < ปิดหน้าต่าง
LEADER : 00000nam 2200000uu 4500
001    13399126138
003     ULIB
008    180612s2013||||th 000 0 tha d
020    ^a9780521739191
050 00 ^aPE1128^bC172^cV.7
245 10 ^aCambridge practice tests for IELTS 7
260    ^aCambridge :^bCambridge University Press,^c2013
300    ^a176 p.:^bill. ;^c25 cm.
650 00 ^aInternational English Language Testing System.
650 00 ^aEnglish language^xExaminations, questions, etc.
650 00 ^aEnglish language^xTextbooks for foreign speakers
945    ^p530^l0^i004234
999    ^aวรรณษา ชูชัยมงคล
รายการนี้ยังไม่มีแท็ก
คุณยังไม่ได้ล็อกอิน คุณสามารถมีกิจกรรมร่วมกับเว็บไซต์ได้ แต่ต้องล็อกอินก่อน ::
  ล็อกอิน

รายการสื่อสารสนเทศ

ลำดับที่ ประเภท เลขเรียก/บาร์โค้ด สถานที่ สถานะ
1. วิทยาศาสตร์การแพทย์ และสุขภาพ
หนังสือสำรอง
สถานะ=หนังสือสำรอง
PE1128 C172 V.7 ฉ.1 
  Barcode: 004234
ห้องสมุดวิทยาเขตสวรรค์ประชารักษ์
►หนังสือทั่วไป
บนชั้น

รายการใกล้เคียง
    ชื่อเรื่อง [Cambridge practice tests for IELTS 7]

    หัวเรื่อง [International English Language Testing System.]

BibComment


ยังไม่เคยถูกคอมเมนท์

คอมเมนท์ทรัพยากรรายการนี้
  คอมเมนท์: Cambridge practi..


 Copyright 2026. Bcnsprnw @Library